| 000 | 00809cam a2200241 4500 | ||
|---|---|---|---|
| 001 | ##D15817 | ||
| 002 | ##307 | ||
| 008 | 090401t1979 xxu||||| |||| 00| 0 eng d | ||
| 020 |
_a0854061088 _a978085406188 |
||
| 035 | _a(Sirsi) u25349 | ||
| 041 | 0 | _aeng | |
| 050 | 0 | 4 | _a692.3 $2 18 |
| 110 | 2 |
_aRoyal Institution of Chartered Surveyors _94900 |
|
| 245 | 0 | 0 |
_aPrinciples of measurement (international) for works of construction _bJune 1979 _h[electronic resource] |
| 260 |
_a[S.l.] _bRICS _c1979 |
||
| 300 |
_a24p. _c30cm |
||
| 350 | _a4 | ||
| 490 | _aRICS Guidance Note | ||
| 690 |
_aQuantity surveying _96263 |
||
| 856 | 4 | 0 |
_uhttps://www.rics.org/Global/Downloads/PrinciplesMeasurementInternationalWorksConstruction1979.pdf _zView the item free of charge at www.rics.org |
| 942 | _n0 | ||
| 948 | _c04/03/1997 | ||
| 999 |
_c88724 _d88724 |
||